| 000 | 00746nam a2200229 a 4500 | ||
|---|---|---|---|
| 005 | 20231128063924.0 | ||
| 008 | 991125s2001 mx 000 0 spa u | ||
| 020 | _a9701849736 | ||
| 035 | _aUPN01000027917 | ||
| 049 | _aI | ||
| 050 | 4 |
_aF1230 _bL4.2 2001 |
|
| 100 | 1 |
_aLeón-Portilla, Miguel, _d1926-2019 _928975 |
|
| 245 | 1 | 3 |
_aLa conquista / _cMiguel León-Portilla ; il. Felipe Dávalos. |
| 250 | _a4a ed. | ||
| 260 |
_aMéxico : _bCONAFE, _c2001. |
||
| 300 |
_a64 p. : _bprincipalmente il. col. |
||
| 440 | 0 |
_aColibrí. _pHistoria |
|
| 651 | 4 |
_aMéxico _xHistoria _yDescubrimiento y conquista, 1517-1521 _911526 |
|
| 650 | 4 |
_aIndígenas de México _xHistoria _912765 |
|
| 650 | 7 |
_aLibros ilustrados para niños _2 _921365 |
|
| 905 | _aInfantil | ||
| 999 |
_c27917 _d27917 |
||